В защита на материализма (Запис номер 135703)
[ съкратено ]
| 000 -Лидер | |
|---|---|
| Контролно поле с фиксирана дължина | 01259nam a2200313 c 4500 |
| 003 - Код на организацията, давaща контролен номер | |
| Контролно поле | BLK |
| 005 - Дата и час на последна редакция | |
| Контролно поле | 20180422111919.0 |
| 008 - Елементи от данни с фиксирана дължина | |
| fixed length control field | 180409b bul|||||r ||||||| ||bul|| |
| 010 ## - Наследен системен номер | |
| LC control number | KNG00141630000 |
| 040 ## - Източник на каталожния запис | |
| Идентификатор на билиотеката - собственик на записа | BLK |
| 041 ## - Код за език | |
| Код за езика на текст/звукозапис или на отделно заглавие | Български |
| Код за езика КДБФ | Български |
| 080 ## - УДК | |
| Текстов определител УДК | Онтологически материализъм |
| УДК код - определител по УДК | 141.12 |
| УДК определител | |
| УДК - код + определител | 141.12 |
| 100 1# - Редна дума - Автор | |
| Автор | Плеханов, Георги Валентинович |
| Авторска отговорност | първи автор |
| R(LIN) | 378316 |
| 139 ## - Редно поле | |
| Редна дума | Плеханов, Георги Валентинович |
| Авторски знак | Пле - П 59 |
| 245 10 - Сведения за заглавието | |
| Заглавие | В защита на материализма |
| Редно поле (дума) | Георги Валентинович Плеханов; прев. от рус. А. Симеонов. |
| 246 11 - Различни форми на заглавието | |
| Паралелно заглавие | Materialismus militans |
| 257 ## - Страна на издаване | |
| Страна на създаване/издаване | Русия |
| 260 ## - Област на издателските данни | |
| -- | Ст. Загора |
| Година на издаване | 1909 |
| Печатница | София : печ. Георги М. Чомонев |
| 300 ## - Физическа характеристика | |
| Страници | 76 с. |
| Размери/Мащаб | 20 см |
| 380 ## - Жанр | |
| Жанр | Философия |
| 650 #4 - Допълнително описание по предмет – тема | |
| Основно описание – тема или топоним | Материализъм |
| 9 (RLIN) | 161431 |
| 653 ## - Ключова дума – ненормативна | |
| Ключова дума | материализъм |
| 700 1# - Други автори (авторска отговорност) | |
| Лично име | Симеонов, А. |
| Автороска отговорност (Описва отношението между автора и произведението) | прев. от рус. |
| 9 (RLIN) | 378806 |
| 852 ## - Местоположение | |
| Форматна сигнатура | Цб 1.200.16097 |
| 856 4# - Електронен адрес и достъп | |
| Електронен формат | pdf - файл |
| Път до файла /url/ | |
| 856 4# - Електронен адрес и достъп | |
| Електронен формат | pdf - файл |
| Път до файла /url/ | |
| 942 ## - АРТИКУЛИ | |
| Вид на библиотечния материал | Книги |
| Скрит в OPAC | Не |
| 944 ## - СЪЗДАВАНЕ И РЕДАКЦИЯ на ЗАПИСА | |
| Създаване/Редакция | Създаване |
| Дата на регистрацията/редакция | 03.04.2013 |
| Статус, дата на статуса | 03.04.2013 - от С1,Р / 03.04.2013 |
| Служител, извършил регистрацията/редакцията | Наталия_Медовщикова |
| 944 ## - СЪЗДАВАНЕ И РЕДАКЦИЯ на ЗАПИСА | |
| Създаване/Редакция | Редакция |
| Дата на регистрацията/редакция | 03.04.2013 |
| Статус, дата на статуса | 03.04.2013 - от С1,Р / 03.04.2013 |
| Служител, извършил регистрацията/редакцията | |
| 999 ## - СИСТЕМНИ КОНТРОЛНИ НОМЕРА | |
| Koha biblionumber | 135703 |
| Koha biblioitemnumber | 135703 |
| Код за отписване | Код за изгубен артикул | Източник на класификационната схема | Код за повреда | Коз за рестрикции | Код за отдаване | Артикулен № | Име на библиотеката - собственик | Име на библиотеката, в която се намира в момента | Статус (Текущо местоположение) | Дата на вписване в системата | Местоположение - отдел | Цена в лева | Инвентарен номер | Систематично азбучна сигнатура | Баркод | Номер на екземпляра | Цена в евро | Служебна бележка | Служебен тип на артикула |
|---|---|---|---|---|---|---|---|---|---|---|---|---|---|---|---|---|---|---|---|
| Не е изгубен | Universal Decimal Classification | Не е повреден | без рестрикции | ползва се в читалня | 221764 | Регионална библиотека "Любен Каравелов" Русе | Регионална библиотека "Любен Каравелов" Русе | Хранилище | 1909-01-01 | Основен фонд - ползва се само за читалня | 0.06 | 16097 | Цб 1.200.16097 | 900000039141 | 1 | 0.03 | N: стар фонд Дата: 01.01.1909 Дата инв: 08.04.2015 Бележки инв: О2015 | Книги |